| 000 | 00000nam##2200000za#4500 |
| 001 | 9.700381 |
| 003 | CaOODSP |
| 005 | 20210625000816 |
| 007 | cr ||||||||||| |
| 008 | 150407|1962||||xxc|||||o f|0| 0 eng|d |
| 040 | |aCaOODSP|beng |
| 043 | |an-cn--- |
| 086 | 1 |aA53-1150/1962E-PDF |
| 110 | 1 |aCanada.|bAgriculture Canada.|bResearch Branch. |
| 245 | 10|aMosaic and streak viruses of the potato / |h[electronic resource]|c[by] D.J. MacLeod. |
| 260 | |aOttawa - Ontario : |bAgriculture Canada. |c1962. |
| 300 | |a84p.|billus., references |
| 500 | |aHistorical publication digitized by Agriculture and Agri-Food Canada. |
| 590 | |a15-03-Supp|b2015-03-13 |
| 690 | 07|aPlant diseases|2gcpds |
| 720 | 1 |aMacLeod, D. J. |
| 856 | 40|ahttp://publications.gc.ca|qPDF|s8613 KB|uhttps://publications.gc.ca/collections/collection_2015/aac-aafc/A53-1150-1962-eng.pdf |
| 986 | |aPublication 1150 |